Az univerzális kvantor extra tág hatókör-értelmezése mondattan vagy jelentéstan? /

A hatókör-értelmezésre vonatkozó klasszikus generatív nézet szerint egy kvantor logikai hatóköre nem terjedhet túl azon a finit tagmondaton, amelyben az adott kvantor áll (azaz: nem vehet fel extra tág hatókört). Egyes, empirikusan ezidáig nem kellően megerősített feltételezések szerint azonban léte...

Teljes leírás

Elmentve itt :
Bibliográfiai részletek
Szerzők: Turi Gergő
Surányi Balázs
Dokumentumtípus: Cikk
Megjelent: 2020
Sorozat:Jelentés és nyelvhasználat 7 No. 1
Kulcsszavak:Magyar nyelv - mondattan, Magyar nyelv - jelentéstan
Tárgyszavak:
doi:10.14232/JENY.2020.1.1

Online Access:http://acta.bibl.u-szeged.hu/70183
LEADER 02378nab a2200229 i 4500
001 acta70183
005 20230331155558.0
008 200910s2020 hu o 0|| hun d
022 |a 2064-9940 
024 7 |a 10.14232/JENY.2020.1.1  |2 doi 
040 |a SZTE Egyetemi Kiadványok Repozitórium  |b hun 
041 |a hun 
100 1 |a Turi Gergő 
245 1 3 |a Az univerzális kvantor extra tág hatókör-értelmezése   |h [elektronikus dokumentum] :  |b mondattan vagy jelentéstan? /  |c  Turi Gergő 
260 |c 2020 
490 0 |a Jelentés és nyelvhasználat  |v 7 No. 1 
520 3 |a A hatókör-értelmezésre vonatkozó klasszikus generatív nézet szerint egy kvantor logikai hatóköre nem terjedhet túl azon a finit tagmondaton, amelyben az adott kvantor áll (azaz: nem vehet fel extra tág hatókört). Egyes, empirikusan ezidáig nem kellően megerősített feltételezések szerint azonban létezik egy kivételes, vonzat szerepű kötőmódú tagmondatot tartalmazó szerkezettípus, amely megengedi a benne szereplő univerzális kvantor számára az extra tág hatóköri olvasatot. Wurmbrand (2013; 2018) szintaktikai magyarázata szerint emiatt a kvantorhatókörre vonatkozó klasszikus, finit tagmondati lokalitási korlátot gyengíteni szükséges, míg Farkas–Giannakidou (1996) jelentéstani magyarázata azt állítja, hogy a kivételes hatóköri olvasat jelentéstani újraelemzésnek köszönhető. Tanulmányunkban a jelenséget magyar anyanyelvű felnőtt beszélők ítéletei alapján vizsgáljuk. Kimutatjuk, hogy az extra tág hatóköri értelmezés (1) valóban elérhető a kritikus mondattípusban, de (2) hasonlóképpen elérhető egy a kritikustól minimálisan eltérő olyan mondattípusban is, melyre magyarázatként csak a jelentéstani újraelemzés terjeszthető ki, míg a szintaktikai lokalitási korlát gyengítése nem. Ez alapján a vizsgált extra tág hatóköri olvasatnak a jelentéstani újraelemzésen alapuló magyarázata mellett, és a kvantorhatókör klasszikus, finit tagmondat alapú szintaktikai lokalitási megszorításának a feladása ellen érvelünk. 
650 4 |a Bölcsészettudományok 
650 4 |a Nyelvek és irodalom 
695 |a Magyar nyelv - mondattan, Magyar nyelv - jelentéstan 
700 0 1 |a Surányi Balázs  |e aut 
856 4 0 |u http://acta.bibl.u-szeged.hu/70183/1/jelentes_2020_001-022.pdf  |z Dokumentum-elérés